| 000 | 01020cam a22003135a 4500 | ||
|---|---|---|---|
| 001 | 17825288 | ||
| 005 | 20160518142801.0 | ||
| 008 | 130724t2014 nyua frb 001 0 eng d | ||
| 010 | _a 2013029778 | ||
| 020 | _a9780071794589 (hardcover : alk. paper) | ||
| 020 | _a0071794581 (hardcover : alk. paper) | ||
| 020 | _a9781259251412 | ||
| 020 | _a1259251411 | ||
| 035 | _a(DNLM)101613348 | ||
| 040 |
_aDNLM/DLC _beng _cDLC _dDLC _dDLC _eEG-ScBUE |
||
| 082 | 0 | 4 |
_a615.7 _bBAU _222 |
| 100 | 1 |
_aBauer, Larry A. _940035 |
|
| 245 | 1 | 0 |
_aApplied clinical pharmacokinetics / _cLarry A. Bauer. |
| 250 | _a3rd ed., International ed. | ||
| 260 |
_aNew York : _bMcGraw-Hill Education, _cc.2014. |
||
| 300 |
_axii, 868 p. : _bill. ; _c24 cm. |
||
| 500 | _aIndex : p. 847-868. | ||
| 504 | _aIncludes bibliographical references. | ||
| 650 | 7 |
_aPharmacokinetics. _2BUEsh _932456 |
|
| 650 | 0 |
_aPharmaceutical Preparations _xadministration & dosage. _2BUEsh _927237 |
|
| 651 | _2BUEsh | ||
| 653 |
_bPPhrm _cMay2016 |
||
| 942 | _2ddc | ||
| 999 |
_c21782 _d21754 |
||